<?xml version="1.0" encoding="UTF-8"?>
<collection xmlns="http://www.loc.gov/MARC21/slim">
 <record>
  <leader>01808nam a22002171  4500</leader>
  <controlfield tag="001">1/21808</controlfield>
  <controlfield tag="008">990603s1999    gr       bm      1  gre  </controlfield>
  <datafield tag="035" ind1=" " ind2=" ">
   <subfield code="l">22512</subfield>
  </datafield>
  <datafield tag="040" ind1=" " ind2=" ">
   <subfield code="a">GR-PeUP</subfield>
  </datafield>
  <datafield tag="090" ind1=" " ind2=" ">
   <subfield code="a">338.1 ΖΑ</subfield>
  </datafield>
  <datafield tag="100" ind1="1" ind2=" ">
   <subfield code="a">Ζαφειρόπουλος, Μιχαήλ Η.</subfield>
  </datafield>
  <datafield tag="245" ind1="1" ind2="0">
   <subfield code="a">Συστήματα προστασίας αγροτικής παραγωγής στην Ελλάδα και στην Ευρωπαϊκή Ένωση :</subfield>
   <subfield code="b">προσέγγιση των τρόπων προστασίας της αγροτικής παραγωγής στην Ελλάδα, μέσω ποιών φορέων παράχεται, ανάλυση του ρόλου του ΕΛ.Γ.Α., ποιοί οι βασικότεροι φορείς και συστήματα προστασίας στην Ευρωπαϊκή Ένωση και προτάσεις για τη βελτίωση του συστήματος στην Ελλάδα /</subfield>
   <subfield code="c">Μιχαήλ Η. Ζαφειρόπουλος</subfield>
  </datafield>
  <datafield tag="260" ind1=" " ind2=" ">
   <subfield code="a">Πειραιάς :</subfield>
   <subfield code="b">[χ.ε.] ,</subfield>
   <subfield code="c">1999</subfield>
  </datafield>
  <datafield tag="300" ind1=" " ind2=" ">
   <subfield code="a">140 σ. ;</subfield>
   <subfield code="c">30 εκ.</subfield>
  </datafield>
  <datafield tag="502" ind1=" " ind2=" ">
   <subfield code="a">Διατριβή (Δ.Ε.)-- Πανεπιστήμιο Πειραιώς. Τμήμα Οργάνωσης και Διοίκησης Επειχειρήσεων, 1999</subfield>
  </datafield>
  <datafield tag="504" ind1=" " ind2=" ">
   <subfield code="a">Περιέχει βιβλιογραφία</subfield>
  </datafield>
  <datafield tag="650" ind1=" " ind2="4">
   <subfield code="a">Διατριβές.</subfield>
  </datafield>
  <datafield tag="650" ind1=" " ind2="4">
   <subfield code="a">Γεωργία</subfield>
   <subfield code="x">Οικονομικές απόψεις</subfield>
   <subfield code="z">Ελλάδα.</subfield>
  </datafield>
  <datafield tag="650" ind1=" " ind2="4">
   <subfield code="a">Αγροτική οικονομία</subfield>
   <subfield code="x">Ευρωπαϊκή Ενωση.</subfield>
  </datafield>
  <datafield tag="710" ind1="2" ind2=" ">
   <subfield code="a">Πανεπιστήμιο Πειραιώς. Τμήμα Οργάνωσης και Διοίκησης Επιχειρήσεων.</subfield>
  </datafield>
  <datafield tag="852" ind1=" " ind2=" ">
   <subfield code="a">INST</subfield>
   <subfield code="b">UNIPILB</subfield>
   <subfield code="c">DISS</subfield>
   <subfield code="e">20040709</subfield>
   <subfield code="h">338.1 ΖΑ</subfield>
   <subfield code="p">00131035</subfield>
   <subfield code="q">00131035</subfield>
   <subfield code="t">NOLOAN</subfield>
   <subfield code="y">23</subfield>
   <subfield code="4">1</subfield>
  </datafield>
 </record>
</collection>
